| Поле | Инд. | ПП | Название | Значение |
|---|---|---|---|---|
| Тип записи | a | |||
| Библиографический уровень | b | |||
| 001 | Контрольный номер | 90b2bcb7c84f45f68920b19915b59333 | ||
| 005 | Дата корректировки | 20220517162507.5 | ||
| 040 | a | Служба первич. каталог. | РИНЦ | |
| 041 | 0_ | a | Код языка текста | rus |
| 084 | a | Индекс другой классификации/Индекс ББК | 51.201; 20.1 | |
| 097 | a | Ануфриева Г.Ю. | ||
| 097 | a | Назина Л.Н. | ||
| 100 | 1_ | a | Автор | Савватеева О. А. |
| g | Прочие сведения | РИНЦ AuthorID: 426017 (http://elibrary.ru/author_profile.asp?id= 426017); SPIN-код: 1052-7020 (http://elibrary.ru/author_items.asp?authorid=426017) | ||
| g | Прочие сведения | SPIN-код: 1052-7020 | ||
| j | Принадлежность неизвестного автора к последователям, ученикам, сторонникам, школе и т. д. | государственный университет "Дубна" | ||
| q | Полное имя | Савватеева Ольга Александровна | ||
| c | Титул (звания) | доцент; кандидат биологических наук | ||
| i | 000090749 | |||
| k | Кафедра экологии и наук о Земле; Факультет естественных и инженерных наук | |||
| u | Дополнение | Савватеева О. А. | ||
| 100 | 1_ | a | Автор | Алексеева Л. И. |
| g | Прочие сведения | РИНЦ AuthorID: 216080 (http://elibrary.ru/author_profile.asp?id= 216080); SPIN-код: 7998-9457 (http://elibrary.ru/author_items.asp?authorid=216080); Scopus Author ID: 6701385548 (https://www.scopus.com/authid/detail.uri?authorId=6701385548) | ||
| g | Прочие сведения | SPIN-код: 7998-9457 | ||
| j | Принадлежность неизвестного автора к последователям, ученикам, сторонникам, школе и т. д. | государственный университет "Дубна" | ||
| q | Полное имя | Алексеева Любовь Игоревна | ||
| i | 000090620 | |||
| k | Кафедра экологии и наук о Земле; Факультет естественных и инженерных наук | |||
| u | Дополнение | Алексеева Л. И.; Alexeeva L. I. | ||
| 100 | 1_ | a | Автор | Каманина И. З. |
| g | Прочие сведения | РИНЦ AuthorID: 103840 (http://elibrary.ru/author_items.asp?authorid=103840) SPIN-код: 5456-2567 (http://elibrary.ru/author_items.asp?authorid=103840); Scopus Author ID: 57201633618 (https://www.scopus.com/authid/detail.uri?authorId=57201633618) | ||
| g | Прочие сведения | SPIN-код: 5456-2567 | ||
| j | Принадлежность неизвестного автора к последователям, ученикам, сторонникам, школе и т. д. | государственный университет "Дубна" | ||
| q | Полное имя | Каманина Инна Здиславовна | ||
| c | Титул (звания) | доцент; кандидат биологических наук | ||
| i | 000090712 | |||
| k | Кафедра экологии и наук о Земле; Факультет естественных и инженерных наук | |||
| u | Дополнение | Каманина И. З. | ||
| 100 | 1_ | a | Автор | Каплина С. П. |
| g | Прочие сведения | РИНЦ AuthorID: 529460 (http://elibrary.ru/author_profile.asp?id= 529460); SPIN-код: 4458-6840 (http://elibrary.ru/author_items.asp?authorid=529460); Scopus Author ID: 57203100567 (https://www.scopus.com/authid/detail.uri?authorId=57203100567) | ||
| g | Прочие сведения | SPIN-код: 4458-6840 | ||
| j | Принадлежность неизвестного автора к последователям, ученикам, сторонникам, школе и т. д. | государственный университет "Дубна" | ||
| q | Полное имя | Каплина Светлана Петровна | ||
| c | Титул (звания) | кандидат биологических наук | ||
| i | 000090716 | |||
| k | Кафедра экологии и наук о Земле; Факультет естественных и инженерных наук | |||
| u | Дополнение | Каплина С. П. | ||
| 245 | 10 | a | Заглавие | Оценка загрязнения территории городского поселения от источников антропогенного воздействия на основе химического анализа снежного покрова на примере Дубны |
| 650 | 04 | a | Основная рубрика | медицина; гигиена; медицинская экология; естествознание; экология; человек и окружающая среда |
| 773 | 18 | t | Название источника | Современные проблемы науки и образования |
| c | Пенза | |||
| d | Место и дата издания | 2007 | ||
| m | Специф. данные | журнал из перечня ВАК | ||
| m | Специф. данные | ненулевой импакт-фактор | ||
| n | Примечание | https://elibrary.ru/contents.asp?issueid=447178 | ||
| g | Прочая информация | № 5. - С. 21 | ||
| w | Контрольный № источника | ffc31ec20fca42c7bfb27cca3369cb9f | ||
| b | Сведения об издании | ИД "Академия Естествознания" | ||
| 856 | 40 | u | URL | https://elibrary.ru/item.asp?id=9925463 |
| 901 | t | Тип документа | b | |
| 952 | c | Вид литературы | статья в журнале |